Proyecto de Activación de la Inteligencia -Nuevo PAI

Gespeichert in:
Bibliographische Detailangaben
1. Verfasser: Marian Baqués Trenchs Autor
Format: Buch
Sprache:Spanisch
Erschienen: Santiago Ediciones SM Chile S.A. 2020
Katalog:MANES:  Suchergebnis im Bibliothekskatalog
Schulbuchspezifische Eigenschaften:
Tags: Tag hinzufügen
Keine Tags, Fügen Sie den ersten Tag hinzu!
Hinzugefügt zu:02.06.2024
Geändert in:25.04.2025

MARC

LEADER 00000nam a22000007a 4500
005 20250425101644.0
008 240603b |||||||| |||| 00| 0 spa d
040 |a MGM 
100 |9 44247  |a Marian Baqués Trenchs  |b Autor 
245 |a Proyecto de Activación de la Inteligencia -Nuevo PAI 
260 |a Santiago  |b Ediciones SM Chile S.A.  |c 2020 
300 |a 111 p.  |b 27 x 21 cm. 
546 |a Chile 
561 |5 cl-MGM  |3 T Apresto 0030 2020  |a Chile. Museo Gabriela Mistral  |k MANES 
691 |a PRI 
942 |2 ddc  |c BK 
999 |c 103402  |d 103402 
999 |c manes:103402  |d 103402